Petri Lombardi novariensis Episcopi parisiensis, Sententiarum libri quatuor ... / (Record no. 162000)
[ view plain ]
| 000 -LEADER | |
|---|---|
| campo de control de longitud fija | 01430nam a2200253 i 4500 |
| 001 - NÚMERO DE CONTROL | |
| campo de control | 162000 |
| 003 - IDENTIFICADOR DE NÚMERO DE CONTROL | |
| campo de control | ES-MaACL |
| 005 - FECHA Y HORA DE LA ÚLTIMA TRANSACCIÓN | |
| campo de control | 20250830020105.0 |
| 008 - DATOS DE LONGITUD FIJA--INFORMACIÓN GENERAL | |
| campo de control de longitud fija | 931025s1757 be |||| | lat d |
| 040 ## - FUENTE DE CATALOGACIÓN | |
| Centro catalogador/agencia de origen | CYL |
| Lengua de catalogación | spa |
| Centro/agencia transcriptor | PAB |
| 100 0# - ENTRADA PRINCIPAL--NOMBRE DE PERSONA | |
| Nombre de persona | Petrus Lombardus ( |
| Fechas asociadas al nombre | ca. 1095-1160) |
| 9 (RLIN) | 131075 |
| 245 10 - MENCIÓN DEL TÍTULO | |
| Título | Petri Lombardi novariensis Episcopi parisiensis, Sententiarum libri quatuor ... / |
| Mención de responsabilidad, etc. | per Ioannem Aleaume ... ; nunc primùm vere restituti & indicibus, ac numeris authorum libros & capita monstrantibus quam fidelissimè absoluti ; ad calcem operis subjiciuntur articuli erronei ... , atque ab eorum assertoribus recantati, adiectis nonnullis ipsius magistri, in quibus communiter non approbatur ; accessit etiam recens tabula in primum sententiarum librum F. Roberti Wiarti... |
| 260 ## - PUBLICACIÓN, DISTRIBUCIÓN, ETC. | |
| Lugar de publicación, distribución, etc. | Antuerpiae : |
| Nombre del editor, distribuidor, etc. | sumptibus Marci-Michael Bousquet & Socii, |
| Fecha de publicación, distribución, etc. | 1757. |
| 300 ## - DESCRIPCIÓN FÍSICA | |
| Extensión | XXXVIII, [2] en bl., 685 p., [1] h. pleg. ; |
| Dimensiones | 4º. |
| 597 ## - NOTA DE DESCRIPCIÓN FÍSICA | |
| NOTA DE DESCRIPCIÓN FÍSICA | Sign. : [cruz latina]-5[cruz latina]4, A-Z4, 2A-2Z4, 3A-3Z4, 4A-4Q4, 4R3. |
| 597 ## - NOTA DE DESCRIPCIÓN FÍSICA | |
| NOTA DE DESCRIPCIÓN FÍSICA | Port. a dos tintas. |
| 597 ## - NOTA DE DESCRIPCIÓN FÍSICA | |
| NOTA DE DESCRIPCIÓN FÍSICA | La h. pleg. corresponde a la "Tabula in primum sententiarum ..." |
| 650 07 - PUNTO DE ACCESO ADICIONAL DE MATERIA--TÉRMINO DE MATERIA | |
| Término de materia o nombre geográfico como elemento de entrada | Teología dogmática |
| Fuente del encabezamiento o término | embne |
| 9 (RLIN) | 17468 |
| 700 1# - ENTRADA AGREGADA--NOMBRE PERSONAL | |
| Nombre de persona | Aleaume, Jean. |
| 9 (RLIN) | 125599 |
| 700 1# - ENTRADA AGREGADA--NOMBRE PERSONAL | |
| Nombre de persona | Wiart, Robert. |
| 9 (RLIN) | 133926 |
| 740 01 - ENTRADA AGREGADA--TÍTULO RELACIONADO/ANALÍTICO NO CONTROLADO | |
| Título relacionado o analítico no controlado | Sententiarum libri quatuor. |
| 852 ## - LOCALIZACIÓN | |
| Ubicación | ES-MaACL |
| Número de control de estantería | R-265 |
| Nota libre | -- Enc. piel con hierros |
| -- | -- Legado M. de la Fuente |
| Encuadernación | OLIM: C-2863 |
| Estatus retirado | Estado de pérdida | Estado de daño | No para préstamo | Colección | Biblioteca de origen | Biblioteca actual | Ubicación en estantería | Fecha de adquisición | Fuente de adquisición | Total de préstamos | Signatura topográfica completa | Código de barras | Visto por última vez | Precio de reemplazo | Tipo de ítem Koha |
|---|---|---|---|---|---|---|---|---|---|---|---|---|---|---|---|
| Libros del s. XVIII | Biblioteca del Ateneo de Madrid | Biblioteca del Ateneo de Madrid | Depósito | 17/01/2008 | R-265 | 1169700 | 23/02/2023 | 23/02/2023 | Libro impreso antiguo |
